000 00626cam a22002293a 4500
001 15382
003 PGUSA
005 20140828083329.0
008 050316s2005||||xxu|||||s|||||000 1 eng d
040 _aPGUSA
_beng
042 _adc
050 4 _aPS
100 1 _aCody, H. A.
_q(Hiram Alfred),
_d1872-1948
245 1 0 _aJess of the Rebel Trail
_h[electronic resource] /
_cH. A. Cody
260 _bProject Gutenberg,
_c2005
506 _aPublic domain in the USA.
516 _aElectronic text
653 _aFiction
830 0 _aProject Gutenberg
_v15382
856 4 0 _uhttp://www.gutenberg.org/ebooks/15382
942 _cEB
999 _c244637
_d244637